000 00891nmc a2200325 a 4500
003 AR-BaBNM
005 20251128205656.0
008 198019s1996 ||||||||||||||000 | spa||
020 _a84-8019-007-8
040 _cAR-BaBNM
245 1 0 _aCómo preparar y organizar unas colonias escolares
250 _a1ª ed.
260 _aBarcelona
_bPaidotribo
_c1996
300 0 _a268 p.
_bil.
490 0 _aPedagogías corporales
504 _aBibliografía p. 268
650 4 _aEDUCACION Y TIEMPO LIBRE
650 4 _aACTIVIDADES RECREATIVAS
650 4 _aRECREACION
650 4 _aPROGRAMAS RECREATIVOS ESCOLARES
650 4 _aJUEGOS EDUCATIVOS
653 0 _aCOLONIAS DE VACACIONES
700 1 _aMore, Toni
700 1 _aSolé, Ramón
700 1 _aSánchez, Josep
700 1 _aMiró, Jaume
800 1 _aLleixá Arribas, Teresa
_edirector
942 _cBK
998 _cCarmen
999 _c12352
_d12352